| 000 | 00498nam a2200169 i 4500 | ||
|---|---|---|---|
| 001 | 55124 | ||
| 003 | ES-MaACL | ||
| 005 | 20230906163104.0 | ||
| 007 | t| | ||
| 008 | 030912s1961 sp ||||1| spa d | ||
| 100 | 1 |
_aDelibes, Miguel, _d1920-2010 _9233557 |
|
| 245 | 1 | 0 |
_aPor esos mundos Sudamérica con escala en las Canarias / _cMiguel Delibes. |
| 260 |
_aBarcelona : _bDestino, _c[1961] |
||
| 300 |
_a169 p. ; _c18 cm. |
||
| 852 |
_aES-MaACL _jC-20309 _bR.48894 |
||
| 999 |
_c55124 _d55124 |
||